000 00681nam a22002297a 4500
999 _c15294
_d15294
003 MIRAKIL
005 20240206154301.0
008 240206b tu ||||| |||| 00| 0 tur d
020 _a9754584087
040 _aTR-AnCHP
_cTR-AnCHP
041 _aTürkçe
082 _a814.42
_bİ43B 2002
090 _a814.42 İ43B 2002
100 _aİlhan, Attila
245 1 0 _aBatı'nın deli gömleği /
_cAttila İlhan
250 _a1. bs.
260 _aİstanbul
_bTürkiye İş Bankası
_c2002
300 _a506 s.
_c20 cm.
650 0 _919
_aTürk edebiyatı
_xDeneme
856 _zDijital Nüshası için Partimizin Kütüphane Sorumlusu ile iletişime geçiniz.
942 _2ddc
_cBKS